000 00272nam a22001217a 4500
008 170711b xxu||||| |||| 00| 0 eng d
041 _aeng
080 _a030
100 _a23
101 _aENC
245 _aIRELAND: A CULTURAL ENCYCLOPEDIA
_cBREFFNY, B
942 _2udc
_cBK
999 _c20198
_d20198